Statistics for Atlanta Hawks All Stars: NBA

Click here to take the quiz!

General Stats

  • This quiz has been taken 12 times
  • The average score is 12 of 33

Answer Stats

CareerCareer With HawksAll StarsPlayer% Correct
2019-2019-3xTrae Young
100%
1955-19651955-196511xBob Pettit
91%
1983-19991983-19949xDominique Wilkins
91%
2008-2008-20165xAl Horford
82%
1992-20091997-20018xDikembe Mutombo
82%
1978-19871978-19862xEddie Johnson
82%
2002-20222006-20127xJoe Johnson
82%
2004-20202013-20171xKyle Korver
73%
1992-20051995-19991xSteve Smith
73%
2007-20222014-20174xPaul Millsap
64%
1971-19801971-19745xPete Maravich
64%
1984-19961984-19911xDoc Rivers
55%
2010-20212010-2016, 20201xJeff Teague
55%
1967-19791967-19776xLou Hudson
55%
1990-20021993-19981xMookie Blaylock
45%
1957-19701957-19666xCliff Hagan
36%
1997-20082002-20041xShareef Abdur-Rahim
36%
1985-20071985-1994, 20051xKevin Willis
27%
1993-20051996-19981xChristian Laettner
18%
1974-19851975-19822xJohn Drew
18%
1950-19591957-19597xEd Macauley
9%
1963-19751963-19723xBill Bridges
0%
1950-195819561xBob Harrison
0%
1954-19641959-19624xClyde Lovellette
0%
1976-19871979-19843xDan Roundfield
0%
1950-19531950-19522xDike Eddleman
0%
1954-195519541xDon Sunderlage
0%
1950-195619512xFrankie Brian
0%
1955-19641955-19582xFrank Selvy
0%
1965-19751966-19704xJoe Caldwell
0%
1952-19581952-19534xMel Hutchins
0%
1950-19601957-19607xSlater Martin
0%
1963-19751963-19695xZelmo Beaty
0%

Score Distribution

Percentile by Number Answered

Percent of People with Each Score

Your Score History

You have not taken this quiz